000 01379nam0a2200337 4500
001 RU\NLR\bibl\960778
005 20250614204106.0
010 _a5-02-034149-5
_9400
021 _aRU
_b2006-33132
_91656
035 _a(NLR Aleph) 000948809
090 _a266563
_c266563
100 _a20060621d2006 |||y0rusy50 ca
101 0 _arus
102 _aRU
105 _aa |||||||||
200 1 _aСинтетические рецепторы на основе порфиринов и их конъюгатов с каликс(4)аренами
_fО.И. Койфман, Н.Ж. Мамардашвили, И.С. Антипин
_gРос. акад. наук, Ин-т хим. растворов
210 _aМосква
_cНаука
_d2006
215 _a245, [1] с.
_cил.
_d24
320 _aБиблиогр.: с. 228-244 (515 назв.)
606 1 _aКаликсарены
_92223782
_3RU\NLR\auth\661335124
606 1 _aПорфирины
_xХимия
_92262374
_3RU\NLR\auth\661356419
686 _aГ266
686 _aГ261.33
700 1 _aКойфман
_bО. И.
_gОскар Иосифович
_4070
701 1 _aМамардашвили
_bН. Ж.
_gНугзар Жораевич
_4070
701 1 _aАнтипин
_bИ. С.
_gИгорь Сергеевич
_4070
801 0 _aRU
_bNLR
_c20060621
_grcr
801 1 _aRU
_bNLR
_c20060621
942 _cBOOK
980 _aNB